Quiz Carte Asie - Statistiques

Statistiques générales
  • Ce quiz a été pris 117 fois
  • Le résultat moyen est 39 sur 48
Réponses sur la Carte
Les réponses sont colorées sur une échelle allant du rouge au vert en fonction du pourcentage des utilisateurs qui les ont devinées à leur premier essai. Vous pouvez retrouver ces pourcentages ci-dessous.
 
Statistiques - réponses
Réponse % Correct
Inde
93%
Chine
91%
Arabie Saoudite
90%
Indonésie
90%
Afghanistan
85%
Bangladesh
85%
Bhoutan
85%
Chypre
85%
Sri Lanka
85%
Arménie
84%
Corée du Nord
84%
Corée du Sud
84%
Iran
84%
Japon
84%
Birmanie
82%
Émirats arabes unis
82%
Kazakhstan
82%
Mongolie
82%
Cambodge
81%
Israël
81%
Pakistan
81%
Turquie
81%
Géorgie
79%
Irak
79%
Jordanie
79%
Malaisie
79%
Philippines
79%
Singapour
79%
Thaïlande
79%
Azerbaïdjan
78%
Bruneï
78%
Laos
78%
Népal
78%
Oman
78%
Taïwan
78%
Viêt Nam
78%
Yémen
78%
Bahreïn
76%
Koweït
76%
Maldives
76%
Ouzbékistan
76%
Qatar
76%
Timor oriental
75%
Kirghizistan
74%
Liban
72%
Syrie
71%
Tadjikistan
69%
Turkménistan
69%
Aucun quiz correspondant
Distribution des résultats
% des personnes avec chaque résultat
Percentile par nombre de réponses
Votre historique - résultats
Vous n’avez pas pris ce quiz